00953 2200349 4500001002100000005001500021035002000036007000300056040001700059100003200076245006700108250001000175300003000185020002200215041000800237082001000245084001600255090002300271264002800294336002100322337003000343338002300373500002700396650001100423700003600434850001000470008004100480990002000521990002000541990002000561990002200581INLIS00000000000967720260415084819 a0010-0123000004ta aSBPUPADbind0 aAnggraini FriskyePengarang1 aFlanel :bPamduan Berkreasi Dan Berbisnis /cAnggraini Frisky; aCet.1 a88 hlm. :bilus. ;c27 cm a978-602-9212-38-9 aind a745.5 a745.5 ANG f a745.5 ANG f T15-4 aSolo :bMetagraf,c2012 2rdacontentaTeks 2rdamediaatanpa perantara 2rdacarrieravolume aTentang Penulis hlm 88 4aKreasi0 aEditor,Fachmy CasofaePengarang aPUPAD260415 0  a23.802/H/DPK/17 a23.803/H/DPK/17 a23.804/H/DPK/17 a23.803/H/DPK/2017